[Event "23rd ETCC Women 2021"]
[Site "Catez"]
[Date "2021.11.12"]
[Round "1.39"]
[White "Teuschler, Barbara"]
[Black "Sandu, Mihaela"]
[Result "0-1"]
[WhiteElo "2115"]
[BlackElo "2244"]
[Annotator "NA"]
[PlyCount "80"]
[EventDate "2021.11.08"]
[EventType "team-tourn"]
[EventCountry "SLO"]
[SourceTitle "playchess.com"]
[Source "ChessBase"]
[SourceQuality "1"]
[WhiteTeam "Austria"]
[BlackTeam "Romania"]
[WhiteTeamCountry "AUT"]
[BlackTeamCountry "ROU"]
[TimeControl "40/5400+30:1800+30"]

1. e4 {[%emt 0:00:00]} c5 {[%emt 0:00:14]} 2. c3 {[%emt 0:00:05]} Nf6 {[%emt 0:
09:18]} 3. e5 {[%emt 0:00:07]} Nd5 {[%emt 0:00:04]} 4. d4 {[%emt 0:00:19]} cxd4
{[%emt 0:00:04]} 5. Nf3 {[%emt 0:00:11]} e6 {[%emt 0:00:14]} 6. cxd4 {[%emt 0:
00:13]} d6 {[%emt 0:00:17]} 7. Bc4 {[%emt 0:00:29]} Be7 {[%emt 0:02:56]} 8. O-O
{[%emt 0:00:07]} O-O {[%emt 0:00:21]} 9. Qe2 {[%emt 0:00:28]} b6 {[%emt 0:04:
33]} 10. Qe4 {[%emt 0:25:33]} Ba6 {[%emt 0:05:11]} 11. Bxa6 {[%emt 0:25:56]}
Nxa6 {[%emt 0:00:34]} 12. Qg4 {[%emt 0:00:22]} Kh8 {[%emt 0:06:15]} 13. Bg5 {
[%emt 0:07:58]} dxe5 {[%emt 0:22:05]} 14. dxe5 {[%emt 0:01:27]} Bxg5 {[%emt 0:
01:35]} 15. Nxg5 {[%emt 0:00:34]} h6 {[%emt 0:00:56]} 16. Nf3 {[%emt 0:02:40]}
Rc8 {[%emt 0:00:29]} 17. Na3 {[%emt 0:00:46]} Nab4 {[%emt 0:02:14]} 18. Nb5 {
[%emt 0:06:00]} Rc2 {[%emt 0:06:09]} 19. a3 {[%emt 0:07:43]} Nc6 {[%emt 0:01:
34]} 20. Rab1 {[%emt 0:01:33]} Rc5 {[%emt 0:05:10]} 21. Qa4 {[%emt 0:01:23]}
Qd7 {[%emt 0:06:20]} 22. Rbc1 {[%emt 0:04:31]} Rxc1 {[%emt 0:07:41]} 23. Rxc1 {
[%emt 0:00:01]} Nce7 {[%emt 0:02:03]} 24. Qa6 {[%emt 0:01:43]} Nf4 {[%emt 0:03:
00]} 25. Nd6 {[%emt 0:04:42]} Kh7 {[%emt 0:02:15]} 26. Qc4 {[%emt 0:00:26]}
Ned5 {[%emt 0:01:35]} 27. g3 {[%emt 0:00:46]} Ng6 {[%emt 0:00:23]} 28. Ne4 {
[%emt 0:02:22]} Nde7 {[%emt 0:01:32]} 29. h4 {[%emt 0:00:34]} Rc8 {[%emt 0:01:
09]} 30. Qf1 {[%emt 0:00:27]} Rxc1 {[%emt 0:00:06]} 31. Qxc1 {[%emt 0:00:00]}
Qd5 {[%emt 0:02:32]} 32. Qc2 {[%emt 0:00:57]} Kg8 {[%emt 0:00:19]} 33. Nfd2 {
[%emt 0:05:01]} Nxe5 {[%emt 0:01:21]} 34. Qc7 {[%emt 0:00:03]} N7c6 {[%emt 0:
00:29]} 35. Qc8+ {[%emt 0:00:57]} Kh7 {[%emt 0:00:18]} 36. Qf8 {[%emt 0:01:02]}
f5 {[%emt 0:02:40]} 37. Nd6 {[%emt 0:00:56]} Qxd2 {[%emt 0:00:08]} 38. Ne8 {
[%emt 0:00:03]} Qd1+ {[%emt 0:01:11]} 39. Kg2 {[%emt 0:00:10]} Qd5+ {[%emt 0:
00:10]} 40. Kh3 {[%emt 0:00:09]} Qh1# {[%emt 0:00:15]} 0-1

[Event "23rd ETCC Women 2021"]
[Site "Catez"]
[Date "2021.11.12"]
[Round "1.40"]
[White "Ciolacu, Alessia-Mihaela"]
[Black "Froewis, Annika"]
[Result "1-0"]
[WhiteElo "2263"]
[BlackElo "2079"]
[Annotator "NA"]
[PlyCount "59"]
[EventDate "2021.11.08"]
[EventType "team-tourn"]
[EventCountry "SLO"]
[SourceTitle "playchess.com"]
[Source "ChessBase"]
[SourceQuality "1"]
[WhiteTeam "Romania"]
[BlackTeam "Austria"]
[WhiteTeamCountry "ROU"]
[BlackTeamCountry "AUT"]
[TimeControl "40/5400+30:1800+30"]

1. d4 {[%emt 0:00:03]} d5 {[%emt 0:00:05]} 2. c4 {[%emt 0:00:06]} e6 {[%emt 0:
00:04]} 3. Nc3 {[%emt 0:00:05]} Nf6 {[%emt 0:00:05]} 4. cxd5 {[%emt 0:00:10]}
exd5 {[%emt 0:00:06]} 5. Bg5 {[%emt 0:00:09]} Be7 {[%emt 0:00:06]} 6. e3 {
[%emt 0:00:11]} c6 {[%emt 0:00:11]} 7. Bd3 {[%emt 0:00:13]} Nbd7 {[%emt 0:00:
19]} 8. h3 {[%emt 0:00:23]} O-O {[%emt 0:00:50]} 9. Qc2 {[%emt 0:00:28]} Re8 {
[%emt 0:12:28]} 10. Bf4 {[%emt 0:00:18]} Nf8 {[%emt 0:01:45]} 11. Nf3 {[%emt 0:
00:14]} Ne6 {[%emt 0:10:03]} 12. Be5 {[%emt 0:00:33]} g6 {[%emt 0:00:20]} 13.
O-O-O {[%emt 0:00:26]} b5 {[%emt 0:02:11]} 14. Kb1 {[%emt 0:01:50]} a5 {
[%emt 0:06:32]} 15. Rc1 {[%emt 0:02:05]} Bb7 {[%emt 0:09:47]} 16. g4 {[%emt 0:
04:36]} Rc8 {[%emt 0:09:48]} 17. Rhg1 {[%emt 0:12:43]} Nd7 {[%emt 0:02:03]} 18.
Ne2 {[%emt 0:11:41]} b4 {[%emt 0:06:04]} 19. Nf4 {[%emt 0:10:38]} Nef8 {
[%emt 0:05:47]} 20. g5 {[%emt 0:03:26]} c5 {[%emt 0:02:15]} 21. Bb5 {[%emt 0:
02:03]} Qb6 {[%emt 0:12:10]} 22. Qa4 {[%emt 0:01:27]} Nxe5 {[%emt 0:03:26]} 23.
Nxe5 {[%emt 0:00:52]} Red8 {[%emt 0:00:30]} 24. dxc5 {[%emt 0:01:44]} Rxc5 {
[%emt 0:02:17]} 25. Be8 {[%emt 0:01:44]} Rxc1+ {[%emt 0:01:58]} 26. Rxc1 {
[%emt 0:00:06]} Bxg5 {[%emt 0:02:22]} 27. Nxf7 {[%emt 0:02:48]} d4 {[%emt 0:08:
29]} 28. Nxg5 {[%emt 0:01:29]} dxe3 {[%emt 0:00:41]} 29. Qb3+ {[%emt 0:00:58]}
Kh8 {[%emt 0:00:28]} 30. Nf7+ {[%emt 0:00:37]} 1-0

[Event "23rd ETCC Women 2021"]
[Site "Catez"]
[Date "2021.11.12"]
[Round "1.41"]
[White "Lazarne Vajda, Szidonia"]
[Black "Hrescak, Ivana"]
[Result "1/2-1/2"]
[WhiteElo "2345"]
[BlackElo "2138"]
[Annotator "NA"]
[PlyCount "81"]
[EventDate "2021.11.08"]
[EventType "team-tourn"]
[EventCountry "SLO"]
[SourceTitle "playchess.com"]
[Source "ChessBase"]
[SourceQuality "1"]
[WhiteTeam "Hungary"]
[BlackTeam "Slovenia"]
[WhiteTeamCountry "HUN"]
[BlackTeamCountry "SLO"]
[TimeControl "40/5400+30:1800+30"]

1. d4 {[%emt 0:00:12]} Nf6 {[%emt 0:00:11]} 2. Bf4 {[%emt 0:00:33]} g6 {
[%emt 0:00:40]} 3. Nc3 {[%emt 0:00:55]} Bg7 {[%emt 0:01:02]} 4. e4 {[%emt 0:01:
05]} d6 {[%emt 0:00:09]} 5. Qd2 {[%emt 0:04:40]} h6 {[%emt 0:03:28]} 6. h4 {
[%emt 0:07:22]} c6 {[%emt 0:04:52]} 7. O-O-O {[%emt 0:20:28]} b5 {[%emt 0:06:
40]} 8. f3 {[%emt 0:01:14]} b4 {[%emt 0:05:05]} 9. Nce2 {[%emt 0:04:03]} Qa5 {
[%emt 0:00:19]} 10. Kb1 {[%emt 0:01:01]} Be6 {[%emt 0:03:28]} 11. Nc1 {[%emt 0:
04:25]} Qb6 {[%emt 0:03:15]} 12. Be3 {[%emt 0:03:34]} Qb7 {[%emt 0:01:19]} 13.
Nge2 {[%emt 0:02:49]} Bc4 {[%emt 0:07:40]} 14. Nf4 {[%emt 0:06:58]} Bxf1 {
[%emt 0:00:23]} 15. Rhxf1 {[%emt 0:00:29]} Nbd7 {[%emt 0:02:15]} 16. Ncd3 {
[%emt 0:07:39]} e5 {[%emt 0:01:37]} 17. dxe5 {[%emt 0:04:33]} dxe5 {[%emt 0:01:
23]} 18. Ne2 {[%emt 0:00:15]} Bf8 {[%emt 0:03:21]} 19. g4 {[%emt 0:03:58]} c5 {
[%emt 0:10:50]} 20. c4 {[%emt 0:01:54]} Qc6 {[%emt 0:07:41]} 21. b3 {[%emt 0:
03:42]} a5 {[%emt 0:05:09]} 22. g5 {[%emt 0:02:45]} hxg5 {[%emt 0:00:43]} 23.
hxg5 {[%emt 0:00:13]} Nh5 {[%emt 0:00:55]} 24. Nb2 {[%emt 0:02:00]} Nb6 {
[%emt 0:03:35]} 25. Nc1 {[%emt 0:00:42]} Qc7 {[%emt 0:08:24]} 26. Rh1 {[%emt 0:
02:56]} Rg8 {[%emt 0:03:03]} 27. Ncd3 {[%emt 0:01:21]} O-O-O {[%emt 0:02:31]}
28. Qf2 {[%emt 0:01:08]} Nd7 {[%emt 0:06:29]} 29. Na4 {[%emt 0:00:28]} Nf4 {
[%emt 0:00:28]} 30. Nxf4 {[%emt 0:07:12]} exf4 {[%emt 0:00:05]} 31. Bc1 {
[%emt 0:00:06]} Bg7 {[%emt 0:02:04]} 32. Rd5 {[%emt 0:01:03]} Bd4 {[%emt 0:00:
32]} 33. Qd2 {[%emt 0:00:26]} Be3 {[%emt 0:02:03]} 34. Qe2 {[%emt 0:00:42]} Bd4
{[%emt 0:01:05]} 35. Rh7 {[%emt 0:01:03]} Nf8 {[%emt 0:01:16]} 36. Rh4 {
[%emt 0:02:53]} Ne6 {[%emt 0:00:24]} 37. Qh2 {[%emt 0:00:20]} Be5 {[%emt 0:03:
57]} 38. Qg1 {[%emt 0:00:33]} Bd4 {[%emt 0:00:12]} 39. Qh2 {[%emt 0:00:15]} Be5
{[%emt 0:00:09]} 40. Qg1 {[%emt 0:01:24]} Bd4 {[%emt 0:00:21]} 41. Qh2 {
[%emt 0:30:55]} 1/2-1/2

[Event "23rd ETCC Women 2021"]
[Site "Catez"]
[Date "2021.11.12"]
[Round "1.42"]
[White "Kolaric, Spela"]
[Black "Gara, Ticia"]
[Result "0-1"]
[WhiteElo "2178"]
[BlackElo "2331"]
[Annotator "ChessBase"]
[PlyCount "110"]
[EventDate "2021.11.08"]
[EventType "team-tourn"]
[EventCountry "SLO"]
[SourceTitle "playchess.com"]
[Source "ChessBase"]
[SourceQuality "1"]
[WhiteTeam "Slovenia"]
[BlackTeam "Hungary"]
[WhiteTeamCountry "SLO"]
[BlackTeamCountry "HUN"]
[TimeControl "40/5400+30:1800+30"]

1. e4 {[%emt 0:00:04]} c5 {[%emt 0:00:12]} 2. c3 {[%emt 0:00:35]} d5 {[%emt 0:
00:40]} 3. exd5 {[%emt 0:00:19]} Qxd5 {[%emt 0:00:07]} 4. d4 {[%emt 0:00:28]}
Nc6 {[%emt 0:00:29]} 5. Nf3 {[%emt 0:01:18]} Bg4 {[%emt 0:00:34]} 6. Nbd2 {
[%emt 0:12:05]} e6 {[%emt 0:13:28]} 7. Bc4 {[%emt 0:03:28]} Qd7 {[%emt 0:04:02]
} 8. Qa4 {[%emt 0:14:11]} a6 {[%emt 0:26:08]} 9. O-O {[%emt 0:08:51]} Nf6 {
[%emt 0:03:35]} 10. Bb5 {[%emt 0:26:04]} Rd8 {[%emt 0:13:42]} 11. Bxc6 {
[%emt 0:01:41]} Qxc6 {[%emt 0:00:05]} 12. Qxc6+ {[%emt 0:00:30]} bxc6 {[%emt 0:
00:01]} 13. Ne5 {[%emt 0:01:49]} cxd4 {[%emt 0:04:53]} 14. cxd4 {[%emt 0:01:12]
} Rxd4 {[%emt 0:02:12]} 15. Nxc6 {[%emt 0:02:23]} Rd5 {[%emt 0:01:04]} 16. Nb3
{[%emt 0:02:28]} Kd7 {[%emt 0:10:01]} 17. Ncd4 {[%emt 0:01:12]} a5 {[%emt 0:02:
40]} 18. h3 {[%emt 0:02:35]} Bh5 {[%emt 0:00:48]} 19. a4 {[%emt 0:06:27]} Be7 {
[%emt 0:04:16]} 20. Be3 {[%emt 0:00:54]} Rb8 {[%emt 0:01:51]} 21. f4 {[%emt 0:
01:54]} Bg6 {[%emt 0:02:53]} 22. Rfd1 {[%emt 0:01:20]} Bc2 {[%emt 0:03:08]} 23.
Nxc2 {[%emt 0:01:31]} Rxb3 {[%emt 0:00:01]} 24. Bd4 {[%emt 0:02:47]} Bd6 {
[%emt 0:01:24]} 25. f5 {[%emt 0:02:27]} e5 {[%emt 0:02:52]} 26. Bc3 {[%emt 0:
00:19]} Kc6 {[%emt 0:01:05]} 27. Rxd5 {[%emt 0:02:02]} Nxd5 {[%emt 0:00:02]}
28. Bxa5 {[%emt 0:00:10]} Rxb2 {[%emt 0:00:04]} 29. Rc1 {[%emt 0:00:15]} Bc5+ {
[%emt 0:00:21]} 30. Kh2 {[%emt 0:00:27]} Kd6 {[%emt 0:00:37]} 31. Ne1 {[%emt 0:
02:07]} Ra2 {[%emt 0:01:44]} 32. Nd3 {[%emt 0:00:56]} Be3 {[%emt 0:00:34]} 33.
Rd1 {[%emt 0:00:51]} Rxa4 {[%emt 0:00:35]} 34. Nb2 {[%emt 0:00:12]} Rd4 {
[%emt 0:00:42]} 35. Be1 {[%emt 0:01:21]} Rxd1 {[%emt 0:00:29]} 36. Nxd1 {
[%emt 0:00:04]} Bd4 {[%emt 0:00:13]} 37. g3 {[%emt 0:00:24]} e4 {[%emt 0:00:27]
} 38. Kg2 {[%emt 0:00:26]} Kc5 {[%emt 0:00:54]} 39. Kf1 {[%emt 0:00:32]} Kc4 {
[%emt 0:00:29]} 40. Ke2 {[%emt 0:00:36]} h5 {[%emt 0:00:16]} 41. Bd2 {[%emt 0:
30:56]} f6 {[%emt 0:15:58]} 42. Bc1 {[%emt 0:00:00]} Bc5 {[%emt 0:03:46]} 43.
Bd2 {[%emt 0:00:00]} Kd4 {[%emt 0:01:36]} 44. g4 {[%emt 0:00:00]} Ke5 {[%emt 0:
03:44]} 45. gxh5 {[%emt 0:00:00]} Nf4+ {[%emt 0:00:19]} 46. Kf1 {[%emt 0:00:00]
} Kxf5 {[%emt 0:00:42]} 47. h6 {[%emt 0:00:00]} gxh6 {[%emt 0:00:11]} 48. Bc1 {
[%emt 0:00:00]} h5 {[%emt 0:01:19]} 49. Nc3 {[%emt 0:00:32]} Nxh3 {[%emt 0:00:
20]} 50. Ne2 {[%emt 0:00:10]} h4 {[%emt 0:00:35]} 51. Bb2 {[%emt 0:01:59]} Ng5
{[%emt 0:02:05]} 52. Bc3 {[%emt 0:00:26]} Nf3 {[%emt 0:00:51]} 53. Bb2 {
[%emt 0:00:26]} Kg5 {[%emt 0:00:24]} 54. Kg2 {[%emt 0:00:45]} f5 {[%emt 0:00:
27]} 55. Kh3 {[%emt 0:01:04]} Ng1+ {[%emt 0:00:16]} 0-1

[Event "23rd ETCC Women 2021"]
[Site "Catez"]
[Date "2021.11.12"]
[Round "1.43"]
[White "Gaal, Zsoka"]
[Black "Ruzic, Pia Marie"]
[Result "1-0"]
[WhiteElo "2336"]
[BlackElo "2049"]
[Annotator "NA"]
[PlyCount "99"]
[EventDate "2021.11.08"]
[EventType "team-tourn"]
[EventCountry "SLO"]
[SourceTitle "playchess.com"]
[Source "ChessBase"]
[SourceQuality "1"]
[WhiteTeam "Hungary"]
[BlackTeam "Slovenia"]
[WhiteTeamCountry "HUN"]
[BlackTeamCountry "SLO"]
[TimeControl "40/5400+30:1800+30"]

1. Nf3 {[%emt 0:00:12]} Nf6 {[%emt 0:00:09]} 2. g3 {[%emt 0:00:07]} g6 {
[%emt 0:00:15]} 3. Bg2 {[%emt 0:00:04]} Bg7 {[%emt 0:00:22]} 4. d4 {[%emt 0:00:
07]} d6 {[%emt 0:00:33]} 5. c4 {[%emt 0:00:07]} O-O {[%emt 0:00:18]} 6. Nc3 {
[%emt 0:00:05]} Nc6 {[%emt 0:00:38]} 7. O-O {[%emt 0:00:07]} a6 {[%emt 0:00:49]
} 8. b3 {[%emt 0:00:17]} Rb8 {[%emt 0:00:39]} 9. d5 {[%emt 0:00:22]} Na5 {
[%emt 0:00:39]} 10. Bg5 {[%emt 0:00:07]} b5 {[%emt 0:01:12]} 11. cxb5 {[%emt 0:
08:00]} axb5 {[%emt 0:00:09]} 12. b4 {[%emt 0:07:21]} Nc4 {[%emt 0:05:02]} 13.
Nd4 {[%emt 0:01:42]} Bd7 {[%emt 0:03:14]} 14. Rc1 {[%emt 0:04:18]} Qe8 {
[%emt 0:04:44]} 15. e3 {[%emt 0:15:07]} e6 {[%emt 0:12:31]} 16. dxe6 {[%emt 0:
10:57]} fxe6 {[%emt 0:00:30]} 17. Qe2 {[%emt 0:00:30]} d5 {[%emt 0:00:30]} 18.
Rfd1 {[%emt 0:00:30]} c6 {[%emt 0:00:30]} 19. Nb3 {[%emt 0:00:30]} e5 {[%emt 0:
00:30]} 20. Bxf6 {[%emt 0:00:30]} Rxf6 {[%emt 0:00:30]} 21. Nc5 {[%emt 0:00:30]
} Bc8 {[%emt 0:00:30]} 22. a4 {[%emt 0:00:30]} e4 {[%emt 0:00:30]} 23. axb5 {
[%emt 0:00:30]} Ne5 {[%emt 0:00:30]} 24. Qa2 {[%emt 0:00:30]} Kh8 {[%emt 0:00:
30]} 25. bxc6 {[%emt 0:00:30]} Nxc6 {[%emt 0:00:30]} 26. Nxd5 {[%emt 0:00:30]}
Rf8 {[%emt 0:00:30]} 27. Nxe4 {[%emt 0:00:30]} Bg4 {[%emt 0:00:30]} 28. Rd2 {
[%emt 0:00:30]} Nxb4 {[%emt 0:00:30]} 29. Nxb4 {[%emt 0:00:30]} Rxb4 {[%emt 0:
00:30]} 30. h3 {[%emt 0:00:30]} Be6 {[%emt 0:00:30]} 31. Qa5 {[%emt 0:00:30]}
Ra4 {[%emt 0:00:30]} 32. Qc7 {[%emt 0:00:30]} Ra2 {[%emt 0:00:30]} 33. Rxa2 {
[%emt 0:00:30]} Bxa2 {[%emt 0:00:30]} 34. Qa7 {[%emt 0:00:30]} Bd5 {[%emt 0:00:
30]} 35. Rc7 {[%emt 0:00:30]} Qe5 {[%emt 0:00:30]} 36. f4 {[%emt 0:00:30]} Qb2
{[%emt 0:00:30]} 37. Nf2 {[%emt 0:00:30]} Ra8 {[%emt 0:00:30]} 38. Qc5 {
[%emt 0:00:30]} Ra1+ {[%emt 0:00:30]} 39. Kh2 {[%emt 0:00:30]} Qxf2 {[%emt 0:
00:30]} 40. Rc8+ {[%emt 0:00:30]} Bg8 {[%emt 0:00:30]} 41. h4 {[%emt 0:30:30]}
h5 {[%emt 0:30:30]} 42. Qd5 {[%emt 0:00:30]} Kh7 {[%emt 0:00:30]} 43. Qxg8+ {
[%emt 0:00:30]} Kh6 {[%emt 0:00:30]} 44. Rc7 {[%emt 0:00:30]} Qb2 {[%emt 0:00:
30]} 45. Qd5 {[%emt 0:00:30]} Ra2 {[%emt 0:00:30]} 46. Qe4 {[%emt 0:00:30]} Ra6
{[%emt 0:00:30]} 47. Kh3 {[%emt 0:00:30]} Qe2 {[%emt 0:00:30]} 48. Qe7 {
[%emt 0:00:30]} Qb2 {[%emt 0:00:30]} 49. Qg5+ {[%emt 0:00:30]} Kh7 {[%emt 0:00:
30]} 50. Be4 {[%emt 0:00:30]} 1-0

[Event "23rd ETCC Women 2021"]
[Site "Catez"]
[Date "2021.11.12"]
[Round "1.44"]
[White "Hercog, Nusa"]
[Black "Mihok-Juhasz, Barbara"]
[Result "0-1"]
[WhiteElo "1983"]
[BlackElo "2258"]
[Annotator "NA"]
[PlyCount "66"]
[EventDate "2021.11.08"]
[EventType "team-tourn"]
[EventCountry "SLO"]
[SourceTitle "playchess.com"]
[Source "ChessBase"]
[SourceQuality "1"]
[WhiteTeam "Slovenia"]
[BlackTeam "Hungary"]
[WhiteTeamCountry "SLO"]
[BlackTeamCountry "HUN"]
[TimeControl "40/5400+30:1800+30"]

1. d4 {[%emt 0:00:04]} Nf6 {[%emt 0:00:09]} 2. c4 {[%emt 0:00:07]} g6 {[%emt 0:
00:04]} 3. f3 {[%emt 0:00:09]} Nh5 {[%emt 0:01:33]} 4. e4 {[%emt 0:06:53]} e5 {
[%emt 0:00:15]} 5. Be3 {[%emt 0:03:54]} exd4 {[%emt 0:00:05]} 6. Qxd4 {[%emt 0:
03:23]} Bg7 {[%emt 0:02:49]} 7. Qd2 {[%emt 0:00:06]} d6 {[%emt 0:00:31]} 8. Nc3
{[%emt 0:03:00]} Nc6 {[%emt 0:01:18]} 9. O-O-O {[%emt 0:01:51]} Be6 {[%emt 0:
08:09]} 10. g4 {[%emt 0:06:30]} Nf6 {[%emt 0:00:10]} 11. h4 {[%emt 0:00:46]}
Ne5 {[%emt 0:32:50]} 12. b3 {[%emt 0:03:03]} O-O {[%emt 0:14:48]} 13. Be2 {
[%emt 0:07:47]} a5 {[%emt 0:01:03]} 14. h5 {[%emt 0:12:14]} a4 {[%emt 0:00:25]}
15. hxg6 {[%emt 0:03:09]} fxg6 {[%emt 0:00:26]} 16. Nh3 {[%emt 0:02:58]} axb3 {
[%emt 0:04:35]} 17. axb3 {[%emt 0:01:06]} Nf7 {[%emt 0:05:43]} 18. Nf4 {
[%emt 0:20:32]} Qe7 {[%emt 0:05:21]} 19. Nxe6 {[%emt 0:03:19]} Qxe6 {[%emt 0:
00:05]} 20. Kb2 {[%emt 0:01:04]} Rfe8 {[%emt 0:03:51]} 21. Bd4 {[%emt 0:01:28]}
c5 {[%emt 0:02:17]} 22. Be3 {[%emt 0:01:03]} Ra6 {[%emt 0:00:27]} 23. Ra1 {
[%emt 0:00:57]} Rb6 {[%emt 0:04:43]} 24. Kc2 {[%emt 0:02:24]} Nd7 {[%emt 0:00:
18]} 25. Ra2 {[%emt 0:01:43]} Nf6 {[%emt 0:04:46]} 26. g5 {[%emt 0:03:13]} Nh5
{[%emt 0:00:12]} 27. Nd5 {[%emt 0:00:29]} Rc6 {[%emt 0:00:04]} 28. Bf1 {
[%emt 0:05:21]} Qe5 {[%emt 0:01:56]} 29. Bh3 {[%emt 0:00:31]} Ra6 {[%emt 0:00:
20]} 30. Kb1 {[%emt 0:04:00]} Rea8 {[%emt 0:01:02]} 31. Rxa6 {[%emt 0:02:21]}
Rxa6 {[%emt 0:00:04]} 32. Qd3 {[%emt 0:00:34]} Qa1+ {[%emt 0:00:19]} 33. Kc2 {
[%emt 0:00:02]} Ra2# {[%emt 0:00:09]} 0-1

[Event "23rd ETCC Women 2021"]
[Site "Catez"]
[Date "2021.11.12"]
[Round "1.45"]
[White "Dolzhikova, Olga"]
[Black "Injac, Teodora"]
[Result "0-1"]
[WhiteElo "2187"]
[BlackElo "2387"]
[Annotator "NA"]
[PlyCount "96"]
[EventDate "2021.11.08"]
[EventType "team-tourn"]
[EventCountry "SLO"]
[SourceTitle "playchess.com"]
[Source "ChessBase"]
[SourceQuality "1"]
[WhiteTeam "Norway"]
[BlackTeam "Serbia"]
[WhiteTeamCountry "NOR"]
[BlackTeamCountry "SRB"]
[TimeControl "40/5400+30:1800+30"]

1. e4 {[%emt 0:00:08]} e5 {[%emt 0:00:14]} 2. Nf3 {[%emt 0:00:14]} Nc6 {
[%emt 0:00:07]} 3. Bc4 {[%emt 0:00:11]} Bc5 {[%emt 0:01:01]} 4. c3 {[%emt 0:01:
02]} Nf6 {[%emt 0:00:15]} 5. d3 {[%emt 0:00:12]} d6 {[%emt 0:01:51]} 6. O-O {
[%emt 0:05:44]} h6 {[%emt 0:03:44]} 7. Re1 {[%emt 0:12:06]} a6 {[%emt 0:04:50]}
8. Bb3 {[%emt 0:03:30]} O-O {[%emt 0:01:50]} 9. Nbd2 {[%emt 0:06:50]} Be6 {
[%emt 0:06:02]} 10. Nf1 {[%emt 0:03:32]} Ba7 {[%emt 0:09:13]} 11. Be3 {[%emt 0:
03:56]} Re8 {[%emt 0:05:00]} 12. Bxe6 {[%emt 0:07:30]} Rxe6 {[%emt 0:03:27]}
13. Bxa7 {[%emt 0:02:01]} Rxa7 {[%emt 0:00:21]} 14. c4 {[%emt 0:08:56]} b5 {
[%emt 0:15:25]} 15. Rc1 {[%emt 0:05:13]} Qd7 {[%emt 0:04:32]} 16. Qc2 {[%emt 0:
04:50]} Nb4 {[%emt 0:09:00]} 17. Qb3 {[%emt 0:03:28]} c5 {[%emt 0:00:19]} 18.
a3 {[%emt 0:00:26]} Nc6 {[%emt 0:01:36]} 19. cxb5 {[%emt 0:03:44]} Na5 {
[%emt 0:07:51]} 20. Qc3 {[%emt 0:01:19]} axb5 {[%emt 0:00:19]} 21. b4 {[%emt 0:
04:51]} Nb7 {[%emt 0:04:29]} 22. Ng3 {[%emt 0:02:27]} Re8 {[%emt 0:01:53]} 23.
Nf5 {[%emt 0:03:42]} Qe6 {[%emt 0:08:06]} 24. Qb2 {[%emt 0:02:51]} Rea8 {
[%emt 0:03:35]} 25. bxc5 {[%emt 0:02:17]} Nxc5 {[%emt 0:00:27]} 26. Red1 {
[%emt 0:05:18]} Rxa3 {[%emt 0:02:54]} 27. Qxb5 {[%emt 0:00:05]} Rb3 {[%emt 0:
00:45]} 28. Qc4 {[%emt 0:01:09]} Nxd3 {[%emt 0:02:18]} 29. Ne7+ {[%emt 0:06:34]
} Qxe7 {[%emt 0:00:42]} 30. Rxd3 {[%emt 0:00:13]} Rxd3 {[%emt 0:00:16]} 31.
Qxd3 {[%emt 0:00:04]} Rd8 {[%emt 0:01:12]} 32. h3 {[%emt 0:01:05]} g6 {[%emt 0:
01:54]} 33. Qe3 {[%emt 0:00:10]} Kg7 {[%emt 0:00:04]} 34. Ra1 {[%emt 0:00:13]}
Qb7 {[%emt 0:01:01]} 35. Re1 {[%emt 0:00:38]} Qb4 {[%emt 0:00:35]} 36. Qe2 {
[%emt 0:01:05]} Rc8 {[%emt 0:00:19]} 37. Qd2 {[%emt 0:00:31]} Rc4 {[%emt 0:00:
37]} 38. Qxb4 Rxb4 {[%emt 0:00:02]} 39. Nd2 {[%emt 0:00:30]} Rd4 {[%emt 0:00:
42]} 40. Re2 {[%emt 0:00:15]} Kf8 {[%emt 0:00:50]} 41. g3 {[%emt 0:02:26]} Ke7
{[%emt 0:04:47]} 42. Kg2 {[%emt 0:01:14]} Ke6 {[%emt 0:01:43]} 43. f3 {[%emt 0:
04:59]} Nh5 {[%emt 0:09:12]} 44. Kf2 {[%emt 0:03:06]} f5 {[%emt 0:04:51]} 45.
Nf1 {[%emt 0:02:21]} Rd3 {[%emt 0:07:46]} 46. Ra2 {[%emt 0:02:54]} Nf6 {
[%emt 0:00:40]} 47. Re2 {[%emt 0:00:24]} fxe4 {[%emt 0:02:35]} 48. fxe4 {
[%emt 0:03:40]} h5 {[%emt 0:00:36]} 0-1